| 000 | 00802nmc a2200289 a 4500 | ||
|---|---|---|---|
| 003 | AR-BaBNM | ||
| 005 | 20251128204950.0 | ||
| 008 | 076019s1980 ||||||||||||||000 | spa|| | ||
| 020 | _a84-276-0524-2 | ||
| 040 | _cAR-BaBNM | ||
| 100 | 1 | _aAlvarez Conde, Enrique | |
| 245 | 1 | 0 | _aLas comunidades autónomas |
| 260 |
_aMadrid _bEditora Nacional _c1980 |
||
| 300 | 0 | _a266 p. | |
| 490 | 0 | _aCultura y sociedad. Docencia y documentación | |
| 500 | 0 | _aContiene lista de títulos de la colección al final de la obra | |
| 650 | 4 | _aGEOGRAFIA POLITICA | |
| 650 | 4 | _aDERECHO | |
| 650 | 4 | _aDERECHO CONSTITUCIONAL | |
| 650 | 4 | _aLEGISLACION | |
| 650 | 4 | _aCOMUNIDADES | |
| 651 | 4 | _aEspaña | |
| 653 | 0 | _aAUTONOMIA | |
| 700 | 1 |
_aFerrando Badía, Juan _eprologuista |
|
| 942 | _cBK | ||
| 998 | _cMARTIN | ||
| 999 |
_c9511 _d9511 |
||